Statistics for Countries of USSR by Independence

Click here to take the quiz!

General Stats

  • This quiz has been taken 36 times
  • The average score is 6 of 13

Answer Stats

DateCountry% Correct
Mar 11, 1990Lithuania
89%
Aug 20, 1991Estonia
63%
Aug 21, 1991Latvia
63%
Aug 24, 1991Ukraine
63%
Apr 9, 1991Georgia
56%
Aug 25, 1991Belarus
52%
Aug 27, 1991Moldova
52%
Dec 16, 1991Kazakhstan
41%
Aug 30, 1991Azerbaijan
33%
Sep 21, 1991Armenia
26%
Oct 27, 1991Turkmenistan
26%
Sep 9, 1991Tajikistan
22%
Aug 31, 1991Kyrgyzstan and Uzbekistan
0%

Score Distribution

Percentile by Number Answered

Percent of People with Each Score

Your Score History

You have not taken this quiz